Erfolgreichste Songs von ABBA - Statistiken

Allgemein
  • Dieses Quiz wurde 165 mal gespielt
  • Das Durchschnittsergebnis liegt bei 8 aus 23
Antwortstatistiken
Jahr Pl. Song % Korrekt
1974 1 Waterloo
84%
1976 1 Dancing Queen
83%
1975 1 Mamma Mia
76%
1976 1 Money, Money, Money
59%
1980 4 The Winner Takes It All
59%
1976 1 Fernando
52%
1979 3 Gimme! Gimme! Gimme! (A Man After Midnight)
47%
1980 1 Super Trouper
47%
1975 1 SOS
41%
1979 3 Chiquitita
39%
1974 2 Honey, Honey
39%
1977 1 Knowing Me, Knowing You
32%
1978 3 Take a Chance on Me
31%
1979 4 I Have a Dream
26%
1979 10 Does Your Mother Know
24%
1975 6 I Do, I Do, I Do, I Do, I Do
24%
1981 1 One of Us
20%
1977 7 The Name of the Game
17%
1978 6 Eagle
13%
2021 3 I Still Have Faith in You
7%
1978 6 Summer Night City
7%
1982 5 The Day Before You Came
7%
2021 5 Don’t Shut Me Down
5%
Keine übereinstimmenden Quizze gefunden
Verteilung der Resultate
Anzahl Personen mit jedem Resultat
Perzentil nach korrekt beantworteten Fragen
Ihre Resultats-Entwicklung
Sie haben dieses Quiz noch nicht gespielt